Неспровоцированная агрессия; Стандарты и качество; № 8

Bibliographic Details
Parent link:Стандарты и качество: научно-технический журнал/ Российская Федерация, Государственный комитет по стандартизации и метрологии (Госстандарт России).— , 1980-.— 0038-9692
№ 8.— 2004.— С. 72-73
Main Author: Плут Е.
Language:Russian
Published: 2004
Series:Качество: национальная программа
Subjects:
Format: MixedMaterials Book Chapter
KOHA link:https://koha.lib.tpu.ru/cgi-bin/koha/opac-detail.pl?biblionumber=459687

MARC

LEADER 00000naa2a2200000 4500
001 459687
005 20231101085148.0
035 |a (RuTPU)RU\TPU\prd\123484 
035 |a RU\TPU\prd\29267 
090 |a 459687 
100 |a 20111024a2004 k y0rusy50 ca 
101 0 |a rus 
102 |a RU 
200 1 |a Неспровоцированная агрессия  |f Е. Плут 
225 1 |a Качество: национальная программа 
461 1 |0 (RuTPU)RU\TPU\prd\992  |x 0038-9692  |t Стандарты и качество  |o научно-технический журнал  |f Российская Федерация, Государственный комитет по стандартизации и метрологии (Госстандарт России)  |d 1980- 
463 1 |0 (RuTPU)RU\TPU\prd\123469  |t № 8  |v С. 72-73  |d 2004 
610 1 |a система менеджмента качества 
610 1 |a качество продукции 
610 1 |a стандарты 
610 1 |a ИСО 
610 1 |a менеджмент 
610 1 |a управление 
700 1 |a Плут  |b Е. 
801 1 |a RU  |b 63413507  |c 20041027  |g PSBO 
801 2 |a RU  |b 63413507  |c 20111024  |g RCR 
942 |c BK